John the Baptist, forerunner of Jesus. (Record no. 5142)

000 -LEADER
fixed length control field 00970nam a2200265 a 4500
001 - CONTROL NUMBER
control field :::00002883$&:&@@
003 - CONTROL NUMBER IDENTIFIER
control field OkBaRHE
005 - DATE AND TIME OF LATEST TRANSACTION
control field 20000607103258.0
008 - FIXED-LENGTH DATA ELEMENTS--GENERAL INFORMATION
fixed length control field s1978 j 000 0 eng u
020 ## - INTERNATIONAL STANDARD BOOK NUMBER
International Standard Book Number 0805442405
040 ## - CATALOGING SOURCE
Transcribing agency
100 1# - MAIN ENTRY--PERSONAL NAME
Personal name Human, Johnnie.
245 10 - TITLE STATEMENT
Title John the Baptist, forerunner of Jesus.
Statement of responsibility, etc Illustrated by James Padgett.
260 ## - PUBLICATION, DISTRIBUTION, ETC. (IMPRINT)
Place of publication, distribution, etc Nashville, TN., :
Name of publisher, distributor, etc Broadman Press
Date of publication, distribution, etc c1978
300 ## - PHYSICAL DESCRIPTION
Extent 47 p. : col. illus. ;
Dimensions 24 cm.
490 0# - SERIES STATEMENT
Series statement Biblearn series.
520 ## - SUMMARY, ETC.
Summary, etc Relates the career of John the Baptist whose preaching predicted the coming of the Messiah.
650 ## - SUBJECT ADDED ENTRY--TOPICAL TERM
Topical term or geographic name as entry element Bible New Testament
General subdivision Biography
-- Juvenile Literature
650 ## - SUBJECT ADDED ENTRY--TOPICAL TERM
Topical term or geographic name as entry element Bible Stories
General subdivision New Testament
650 ## - SUBJECT ADDED ENTRY--TOPICAL TERM
Topical term or geographic name as entry element John, the Baptist, Saint
650 ## - SUBJECT ADDED ENTRY--TOPICAL TERM
Topical term or geographic name as entry element John, the Baptist, Saint
General subdivision Juvenile Literature
700 ## - ADDED ENTRY--PERSONAL NAME
Personal name Padgett, Jim, Illus.
942 ## - ADDED ENTRY ELEMENTS (KOHA)
Source of classification or shelving scheme
Koha item type Books
Copies
Date acquired Damaged status Barcode Full call number Shelving location Not for loan Lost status Date last seen Withdrawn status Source of classification or shelving scheme Koha item type Copy number Price effective from Permanent Location
2010-04-14 2883BS 2456 .H8General Stacks  2018-03-16  Books12010-04-14RHEMA Bible Training College